[Event "LXXII ch-CRC Fase 1"]
[Site "Moravia CRC"]
[Date "2008.05.23"]
[Round "7"]
[White "Carvajal,J"]
[Black "Brenes,J"]
[Result "1-0"]
[WhiteElo "2173"]
[BlackElo "1968"]

1.e4 c5 2.Nc3 Nc6 3.Bb5 Nd4 4.Bc4 d6 5.Nf3 g6 6.Nxd4 cxd4 7.Qf3 dxc3 8.Bxf7+ Kd7
9.Qh3+ e6 10.Qxe6+ Kc7 11.Qc4+ Kb8 12.Bxg8 Bh6 13.Be6 cxd2+ 14.Bxd2 Bxd2+
15.Kxd2 Qg5+ 16.Ke2 Qe5 17.Bd5 a6 18.a4 Bd7 19.Qb3 Ra7 20.Qg3 Qxb2 21.Qxd6+ Kc8
22.Qc5+ Kb8 23.Rab1  1-0

[Event "XXVII Open"]
[Site "Zalakarosi HUN"]
[Date "2008.05.24"]
[Round "3"]
[White "Kende,G"]
[Black "Berczes,C"]
[Result "0-1"]
[WhiteElo "2237"]
[BlackElo "2409"]

1.e4 c5 2.Nf3 Nc6 3.Nc3 e6 4.Bb5 Nd4 5.O-O a6 6.Bd3 Ne7 7.Re1 Nec6 8.Nxd4 cxd4
9.Ne2 Bc5 10.Ng3 d6 11.Bf1 h5 12.d3 h4 13.Nh5 Bb4 14.Nf4 Bxe1 15.Qxe1 e5
16.Nd5 Ne7 17.c4 Nxd5 18.cxd5 h3 19.g3 Bg4 20.Qb4 Qd7 21.f4 f6 22.Bd2 Rc8  0-1

[Event "17th Open"]
[Site "Chicago USA"]
[Date "2008.05.25"]
[Round "4"]
[White "Petrosian,TL"]
[Black "Amanov,M"]
[Result "1-0"]
[WhiteElo "2616"]
[BlackElo "2396"]

1.e4 c5 2.Nc3 Nc6 3.Bb5 Nd4 4.Ba4 a6 5.d3 b5 6.Bb3 e6 7.Nge2 Nxb3 8.axb3 Bb7
9.O-O d6 10.f3 Ne7 11.Bg5 Qc7 12.d4 cxd4 13.Qxd4 Qc5 14.Be3 Qxd4 15.Nxd4 Rc8
16.b4 Nc6 17.Nxc6 Rxc6 18.Rf2 Rc4 19.Na2 d5 20.b3 Rc8 21.e5 f6 22.Bd4 Be7
23.Re1 fxe5 24.Bxe5 Kf7 25.Rd2 Rc6 26.c3 Bf6 27.f4 Bc8 28.Re3 Bd7 29.Nc1 Bxe5
30.fxe5 Rhc8 31.Ne2 Ke7 32.Rg3 Kf8 33.Rdd3 Be8 34.Nd4 Rb6 35.Rdf3+ Kg8 36.h4 Bg6
37.Rf2 Be4 38.Kh2 Rf8 39.Rxf8+ Kxf8 40.Rg4 Kf7 41.Rf4+ Ke7 42.Rf2 Rb7 43.Ra2 Rb6
44.g4 Bb1 45.Ra1 Be4 46.Kg3 Bd3 47.Kf4 Be4 48.h5 Bd3 49.Kg5 Be4 50.h6 gxh6+
51.Kxh6 Bd3 52.Kg7 Bg6 53.Ra2 Be4 54.Rf2 Bg6 55.Rf6 Kd7 56.Rf8 Rb7 57.Kf6 Be8
58.Rh8  1-0

[Event "Guillermo Garcia Mem"]
[Site "Santa Clara CUB"]
[Date "2008.05.26"]
[Round "8"]
[White "Martinez,Lel"]
[Black "Stamenkovic,Dr"]
[Result "1-0"]
[WhiteElo "2499"]
[BlackElo "2440"]

1.e4 c5 2.Nf3 Nc6 3.Nc3 g6 4.d4 cxd4 5.Nxd4 Bg7 6.Be3 Nf6 7.Nb3 O-O 8.Be2 d6
9.O-O b6 10.f4 Bb7 11.Bf3 Nd7 12.Qd2 Na5 13.Nxa5 bxa5 14.Rad1 Nb6 15.b3 a4
16.Nb5 axb3 17.axb3 a6 18.Na3 Bc6 19.e5 Bxf3 20.Rxf3 Nc8 21.Nc4 Qc7 22.Rh3 Qc6
23.f5 dxe5 24.Bh6 Qf6 25.fxg6 hxg6 26.Bxg7 Qxg7 27.Qd5 Rb8 28.Qxe5 Qxe5 29.Nxe5 Rb5
30.Nd7 Re8 31.Rd4 Nd6 32.c4 Rb7 33.Nc5 Ra7 34.Rdh4 g5 35.Rh5 f6 36.Rh8+ Kg7
37.R8h7+ Kg6 38.g4 Nf5 39.gxf5+ Kxf5 40.Rh8 Rea8 41.Kf2 a5 42.Ke3 e5 43.R8h6 e4
44.Nxe4  1-0

[Event "Doroshkevich mem"]
[Site "Maykop RUS"]
[Date "2008.05.27"]
[Round "4"]
[White "Tseshkovsky,V"]
[Black "Gladkiy,D"]
[Result "1-0"]
[WhiteElo "2504"]
[BlackElo "2349"]

1.e4 c5 2.Nf3 Nc6 3.Nc3 g6 4.d4 cxd4 5.Nxd4 Bg7 6.Be3 Nf6 7.Bc4 d6 8.f3 Qa5
9.Nb3 Qc7 10.O-O O-O 11.Be2 a6 12.Na4 Nd7 13.c4 b6 14.Rc1 Nc5 15.Nc3 Kh8
16.Nd5 Qd8 17.Nd4 Nxd4 18.Bxd4 a5 19.Bxg7+ Kxg7 20.f4 Bb7 21.Qd4+ Kg8 22.Rce1 Bxd5
23.exd5 Qc7 24.Kh1 Rfb8 25.Bg4 Qd8 26.f5 Qf8 27.Re3 Ra7 28.fxg6 hxg6 29.Be6 Nxe6
30.dxe6 f6 31.Qg4 Qg7 32.Rg3 Rc7 33.Qxg6 Qxg6 34.Rxg6+ Kh7 35.Rg4 Rg8 36.Rh4+ Kg7
37.Rf5 Rgc8 38.Rg4+ Kh6 39.Rf3 Rc5 40.Rh3+ Rh5 41.Rxh5+ Kxh5 42.h3 Rc5 43.Rg7 Rxc4
44.Rxe7 Re4 45.Rb7 Rxe6 46.Rxb6 Kg6 47.a4 Kf5 48.Kg1 Ke4 49.Kf2 Kd3 50.h4 f5
51.Kf3 Kc2 52.b3 Kc3 53.g3 Rg6 54.Rb5 Rg8 55.Rxa5 Kxb3 56.Rxf5 Kc4 57.h5 d5
58.h6 Rh8 59.Rh5 d4 60.h7 Kc3 61.Ke2 d3+ 62.Kd1 d2 63.a5 Kd3 64.a6 Ke3 65.g4 Kf4
66.a7 Kxg4 67.a8=Q  1-0

[Event "Doroshkevich mem"]
[Site "Maykop RUS"]
[Date "2008.05.29"]
[Round "6"]
[White "Sabitov,A"]
[Black "Movldiev,I"]
[Result "1/2-1/2"]
[WhiteElo "2299"]
[BlackElo "2024"]

1.e4 c5 2.Nf3 Nc6 3.Nc3 e5 4.Bc4 Be7 5.d3 Nf6 6.Nd2 d6 7.Nf1 O-O 8.Ne3 Na5
9.O-O Nxc4 10.dxc4 Be6 11.Qd3 Ng4 12.Nf5 Bxf5 13.exf5 Nf6 14.Bg5 Qd7 15.Bxf6 Bxf6
16.Rad1 Rfd8 17.Qf3 Qc6 18.Nd5 Qa4 19.Qg3 Kf8 20.Qh3 Qxc4 21.Qxh7 Qh4  1/2-1/2

[Event "XXVII Open"]
[Site "Zalakarosi HUN"]
[Date "2008.05.29"]
[Round "8"]
[White "Kernazhitsky,L"]
[Black "Bacso,G"]
[Result "1-0"]
[WhiteElo "2338"]
[BlackElo "2125"]

1.e4 c5 2.Nc3 Nc6 3.Bb5 Nd4 4.Bc4 g6 5.Nf3 Bg7 6.Nxd4 cxd4 7.Qf3 Nh6 8.Ne2 O-O
9.d3 Ng4 10.Bb3 d6 11.Bd2 a5 12.a4 Bd7 13.h3 Ne5 14.Qg3 Nc6 15.h4 Qc8 16.h5 Be6
17.hxg6 fxg6 18.Qh3 Bxb3 19.Qxh7+ Kf7 20.Bh6 Rg8 21.cxb3 Qg4 22.f3 Qd7 23.Nf4 Ne5
24.Rh3 Qc6 25.Rg3 d5 26.Rg5 Qf6 27.Rxe5 Qxe5 28.Qxg6+  1-0

[Event "Open"]
[Site "Conegliano ITA"]
[Date "2008.05.31"]
[Round "1"]
[White "Verducci,G"]
[Black "Luch,M"]
[Result "1/2-1/2"]
[WhiteElo "2010"]
[BlackElo "2383"]

1.e4 c5 2.Nc3 Nc6 3.Nge2 d6 4.g3 g6 5.Bg2 Bg7 6.O-O e6 7.d3 Nge7 8.f4 O-O
9.h3 Rb8 10.g4 f5 11.Ng3 Nd4 12.Nce2 Nxe2+ 13.Qxe2 Nc6 14.c3 Qh4 15.Qf3 fxg4
16.Qxg4 Qe7 17.Bd2 Bd7 18.Rae1 Kh8 19.h4 Bf6 20.h5 Rg8 21.Qf3 Bh4 22.h6 Rbf8
23.Re3 e5 24.f5 Bxg3 25.f6 Qf7 26.Qxg3 Qxa2 27.f7 Rxf7 28.Rxf7 Qxf7 29.Rf3 Qe8
30.Qf2 Qd8  1/2-1/2

[Event "Doroshkevich mem"]
[Site "Maykop RUS"]
[Date "2008.05.31"]
[Round "8"]
[White "Shibaev,F"]
[Black "Petrova,O"]
[Result "1/2-1/2"]
[WhiteElo "2323"]
[BlackElo "2110"]

1.e4 c5 2.Nf3 Nc6 3.Nc3 Nf6 4.d4 cxd4 5.Nxd4 e5 6.Ndb5 d6 7.Bg5 a6 8.Na3 b5
9.Nd5 Be7 10.Bxf6 Bxf6 11.c3 O-O 12.Nc2 Bg5 13.h4 Bh6 14.g4 Bf4 15.Qf3 Be6
16.Nxf4 Qf6 17.g5 Qxf4 18.Qxf4 exf4 19.Nd4 Ne5 20.f3 Bc4 21.b3 Bxf1 22.Rxf1 Rac8
23.Ne2 f5 24.exf5 Rxf5 25.O-O-O Ng6 26.Rh1 Re5 27.Kd2 Re3 28.Nxf4 Rxf3 29.Nxg6 hxg6
30.Ke2 Rfxc3 31.Rxd6 Rc2+ 32.Rd2 Re8+ 33.Kd1 Rxd2+ 34.Kxd2 Re4  1/2-1/2

[Event "ch-CHN w"]
[Site "Beijing CHN"]
[Date "2008.06.01"]
[Round "4"]
[White "Wang Yu A"]
[Black "Tan Zhongyi"]
[Result "1/2-1/2"]
[WhiteElo "2387"]
[BlackElo "2353"]

1.e4 c5 2.Nc3 Nc6 3.Nf3 g6 4.d4 cxd4 5.Nxd4 Bg7 6.Nb3 d6 7.Be2 Nf6 8.O-O O-O
9.Bg5 Be6 10.Kh1 Rc8 11.f4 a6 12.Bf3 Qb6 13.Re1 Rfe8 14.Qd2 Na5  1/2-1/2

[Event "XXX Nezhmetdinov Mem"]
[Site "Kazan RUS"]
[Date "2008.06.01"]
[Round "1"]
[White "Ioffe,D"]
[Black "Vokarev,S"]
[Result "0-1"]
[WhiteElo "2174"]
[BlackElo "2502"]

1.Nc3 c5 2.Nf3 Nc6 3.e4 g6 4.d4 cxd4 5.Nxd4 Bg7 6.Be3 Nf6 7.Bc4 Qa5 8.Nb3 Qc7
9.Be2 O-O 10.O-O d6 11.Qd2 a6 12.a4 Ne5 13.a5 Be6 14.Bb6 Qc8 15.Rfd1 Nc4
16.Bxc4 Bxc4 17.Bd4 Qe6 18.Qe3 Bxb3 19.cxb3 Qxb3 20.Nd5 Qxe3 21.Nxe7+ Kh8
22.Bxe3 Nxe4 23.f3 Rae8 24.Nd5 Nc5 25.b4 Bxa1 26.bxc5 Be5 27.f4 Bg7 28.cxd6 Re6
29.Bc5 Rd8 30.Nc7 Re2 31.d7 Bc3 32.Rd3 Bxa5 33.Nd5 Rxd7 34.Bd4+ f6 35.Bxf6+ Kg8
36.Bg5 Kf7  0-1

[Event "ch-URU"]
[Site "Montevideo URU"]
[Date "2008.06.01"]
[Round "3"]
[White "Roselli Mailhe,B"]
[Black "Lopez Falcon,J"]
[Result "1/2-1/2"]
[WhiteElo "2420"]
[BlackElo "2158"]

1.e4 c5 2.Nc3 Nc6 3.Bb5 Nd4 4.Bc4 g6 5.Nf3 Bg7 6.Nxd4 cxd4 7.Qf3 e6 8.Nb5 d6
9.Qa3 Ke7 10.c3 dxc3 11.dxc3 a6 12.Be2 Rb8 13.Nd4 e5 14.Nf3 Qc7 15.Bg5+ f6
16.Be3 Bh6 17.Bxh6 Nxh6 18.O-O Be6 19.Rfd1 Nf7 20.Nd2 Qc6 21.c4 Rhc8 22.Rac1 Rc7
23.b4 Kf8 24.Qe3 Kg7 25.h4  1/2-1/2

[Event "Open"]
[Site "Conegliano ITA"]
[Date "2008.06.02"]
[Round "5"]
[White "Verducci,G"]
[Black "Codenotti,M"]
[Result "0-1"]
[WhiteElo "2010"]
[BlackElo "2063"]

1.e4 c5 2.Nc3 Nc6 3.Nge2 g6 4.g3 Bg7 5.Bg2 e6 6.O-O Nge7 7.d3 d6 8.f4 O-O
9.h3 Nd4 10.g4 f5 11.Ng3 Nec6 12.Nce2 fxg4 13.hxg4 Qh4 14.g5 e5 15.f5 gxf5
16.Nxd4 Nxd4 17.Nxf5 Nxf5 18.exf5 Bxf5 19.Be3 e4 20.Rf4 Qxg5 21.Rxe4 Bd4
22.Bxd4 Bxe4 23.dxe4 cxd4 24.Qxd4 Rf6 25.Qd5+ Qxd5 26.exd5 Raf8 27.Re1 Kf7
28.Re2 Rg8 29.Kh2 Rh6+ 30.Kg1 Rhg6 31.Kf1 Rxg2 32.Rxg2 Rxg2 33.Kxg2 Kf6 34.Kf3 Ke5
35.c4 b5 36.cxb5 Kxd5 37.a4 Kc5 38.b3 d5 39.Ke3 h5  0-1

[Event "Open"]
[Site "Conegliano ITA"]
[Date "2008.06.02"]
[Round "5"]
[White "Piscopo,P"]
[Black "Xia,J"]
[Result "1-0"]
[WhiteElo "2379"]
[BlackElo "2175"]

1.e4 c5 2.Nc3 Nc6 3.Nf3 d6 4.d4 cxd4 5.Nxd4 Nf6 6.Bc4 Bd7 7.O-O g6 8.h3 Nxd4
9.Qxd4 Bg7 10.Bg5 O-O 11.Rad1 Bc6 12.Qe3 Qa5 13.f4 b5 14.Bd5 Bxd5 15.Bxf6 Bxf6
16.Nxd5 Qxa2 17.e5 dxe5 18.fxe5 Bg7 19.b3 e6 20.Nf6+ Kh8 21.Nd7 Rfc8 22.Rxf7 Qxc2
23.Qf3 Bxe5 24.Nxe5 Qc5+ 25.Kh1 Qxe5 26.Qb7 Qh5 27.Qe7 Qh6 28.Rd7  1-0

[Event "ch-URU"]
[Site "Montevideo URU"]
[Date "2008.06.04"]
[Round "7"]
[White "Rodriguez,Sa"]
[Black "Donatti,A"]
[Result "1-0"]
[WhiteElo "2204"]
[BlackElo "2209"]

1.e4 c5 2.Nc3 Nc6 3.Bb5 Nd4 4.Bc4 e6 5.Nf3 Nf6 6.d3 a6 7.O-O d5 8.exd5 Nxd5
9.Nxd4 cxd4 10.Bxd5 dxc3 11.Bf3 cxb2 12.Bxb2 f6 13.Be4 Qc7 14.Re1 Bd6 15.Qh5+ Qf7
16.Qh3 e5 17.Qf3 O-O 18.d4 Be6 19.dxe5 fxe5 20.Qxf7+ Rxf7 21.Bf3 Bc4 22.Bxe5 Bc5
23.a4 Raf8 24.Bg3 b5 25.axb5 axb5 26.Rab1 Rd7 27.Red1 Ra7 28.h4 Ra2 29.Rxb5 Ba7
30.Rb7 h6 31.Rdd7 Rf7 32.Rxf7 Bxf7 33.Kh2 Ra5 34.Bc7 Ra4 35.Bg3 Bc5 36.h5 Ra5
37.Rb8+ Kh7 38.Be4+ g6 39.Be5  1-0

[Event "TCh-BIH"]
[Site "Neum BIH"]
[Date "2008.06.05"]
[Round "2"]
[White "Runic,Z"]
[Black "Nurkic,S"]
[Result "1-0"]
[WhiteElo "2452"]
[BlackElo "2403"]

1.e4 c5 2.Nc3 Nc6 3.Bb5 g6 4.Bxc6 dxc6 5.d3 Bg7 6.Be3 b6 7.Qd2 e5 8.O-O-O Be6
9.Nge2 Nf6 10.h3 Qc7 11.f4 O-O-O 12.Rhf1 Nd7 13.f5 gxf5 14.exf5 Bd5 15.Ng3 Rhg8
16.Qf2 Bh8 17.Nge4 Nf6 18.g4 Ne8 19.f6 Be6 20.g5 Qd7 21.h4 Nc7 22.Qh2 Rge8
23.Rde1 Nd5 24.Bd2 Nc7 25.Rf3 c4 26.Nf2 Nd5 27.Rxe5 cxd3 28.Rxd3 Bf5 29.Nxd5 cxd5
30.Rxf5 Qxf5 31.Rc3+  1-0

[Event "TCh-BIH"]
[Site "Neum BIH"]
[Date "2008.06.05"]
[Round "2"]
[White "Saric,Ib"]
[Black "Dujkovic,S"]
[Result "1-0"]
[WhiteElo "2548"]
[BlackElo "2415"]

1.e4 c5 2.Nf3 Nc6 3.Nc3 e5 4.Bc4 Be7 5.d3 d6 6.O-O Nf6 7.Bg5 Nd7 8.Bxe7 Qxe7
9.Nd5 Qd8 10.Nd2 O-O 11.f4 exf4 12.Rxf4 Nde5 13.Qh5 Ng6 14.Rf2 Nce5 15.h3 Rb8
16.a4 Be6 17.Ne3 a6 18.a5 Nc6 19.Bd5 Nge5 20.Ndc4 Bxd5 21.exd5 g6 22.Qh6 Nxc4
23.Nxc4 Ne5 24.Nxe5 dxe5 25.c4 f5 26.Re2 Qc7 27.Rae1 Rbe8 28.Qd2 Re7 29.b4 Rfe8
30.Kh1 Qd6 31.bxc5 Qxc5 32.Qb2 e4 33.Qb6 Qa3 34.dxe4 fxe4 35.d6 Rd7 36.c5 Qd3
37.Re3 Qc2 38.Qb4 Rc8 39.Rxe4  1-0

[Event "58th ch-RUS w HL"]
[Site "Chelyabinsk RUS"]
[Date "2008.06.06"]
[Round "3"]
[White "Girya,O"]
[Black "Shlakich,A"]
[Result "1/2-1/2"]
[WhiteElo "2361"]
[BlackElo "2196"]

1.e4 c5 2.Nc3 Nc6 3.Bb5 Nd4 4.Bc4 g6 5.Nf3 Bg7 6.Nxd4 cxd4 7.Qf3 Nh6 8.d3 O-O
9.Ne2 Ng4 10.Bb3 d6 11.O-O a5 12.a4 Ne5 13.Qg3 Nd7 14.Bg5 Nc5 15.Qh4 Re8
16.Bc4 Be6 17.Bb5 Bd7 18.f4 Bxb5 19.axb5 Qd7 20.f5 d5 21.b4 Nxe4 22.dxe4 d3
23.cxd3 Bxa1 24.fxg6 fxg6 25.Rxa1 axb4 26.Rf1 Qxb5 27.Bxe7 Qb6+ 28.Kh1 b3
29.Nc3 b2 30.exd5 Ra1 31.Nb1 Rxb1 32.Rxb1 Qe3 33.Qc4 Qxe7 34.d6+ Qf7 35.d7 Rd8
36.Qxf7+ Kxf7 37.Rxb2 Rxd7 38.Kg1  1/2-1/2

[Event "ch-URU"]
[Site "Montevideo URU"]
[Date "2008.06.06"]
[Round "9"]
[White "Larrea,M"]
[Black "Guerrero,Alv"]
[Result "0-1"]
[WhiteElo "2342"]
[BlackElo "2216"]

1.e4 c5 2.Nc3 Nc6 3.Bb5 Nd4 4.Bc4 e6 5.Nf3 a6 6.Nxd4 cxd4 7.Ne2 Bc5 8.d3 Ne7
9.Nf4 Nc6 10.a3 b5 11.Ba2 Bb7 12.O-O O-O 13.Nh5 f5 14.exf5 Rxf5 15.Qg4 g6
16.Ng3 Rf7 17.b4 Be7 18.Bb2 Qc7 19.f4 Kh8 20.Ne4 Raf8 21.g3 Rf5 22.Rf2 Kg8
23.Raf1 a5 24.bxa5 Qxa5 25.Bb3 Qb6 26.Qd1 Qc7 27.a4 bxa4 28.Bxa4 Qb6 29.Bb3 Na5
30.Ba1 Nxb3 31.cxb3 Rb5 32.Rb2 Bd5 33.Nd2 Ba8 34.Nf3 Rb4 35.Rb1 Rb8 36.Qc2 Bf6
37.Nd2 Qb7 38.Ne4 Bg7 39.Qf2 Qd5 40.Rfc1 Rxb3 41.Rxb3 Qxb3 42.Qd2 Bc6 43.Kf2 Ra8
44.Qd1 Ra2+ 45.Kf3 Bxe4+  0-1

[Event "ch-URU"]
[Site "Montevideo URU"]
[Date "2008.06.06"]
[Round "9"]
[White "Rodriguez,Sa"]
[Black "Lopez Falcon,J"]
[Result "1-0"]
[WhiteElo "2204"]
[BlackElo "2158"]

1.e4 c5 2.Nc3 Nc6 3.Bb5 Nd4 4.Bc4 Nf6 5.d3 e6 6.Nf3 a6 7.Nxd4 cxd4 8.Ne2 b5
9.Bb3 Qb6 10.O-O Be7 11.a4 b4 12.a5 Qc5 13.Bd2 O-O 14.Qe1 Rb8 15.Kh1 Bb7
16.f3 Ne8 17.Qf2 e5 18.f4 d5 19.fxe5 dxe4 20.Qxd4 Qxd4 21.Nxd4 exd3 22.cxd3 Nc7
23.Nf5 Bd8 24.Bc4 Bd5 25.Nd6 Be7 26.b3 g6 27.Bh6 Rfd8 28.Nxf7 Rdc8 29.Nd6 Rd8
30.Rf7 Bxf7 31.Nxf7 Rd4 32.Nd6+ Kh8 33.Nf7+ Kg8 34.Nd6+ Kh8 35.Rf1 Ne8 36.Rf7 Nxd6
37.exd6 Rxc4 38.dxe7  1-0

[Event "National Open"]
[Site "Las Vegas USA"]
[Date "2008.06.07"]
[Round "3"]
[White "Liu,E"]
[Black "Sinanan,J"]
[Result "0-1"]
[WhiteElo "2252"]
[BlackElo "2155"]

1.e4 c5 2.Nc3 Nc6 3.Bb5 e6 4.Bxc6 bxc6 5.d3 Ne7 6.f4 Ng6 7.Nf3 Be7 8.O-O O-O
9.e5 f6 10.Qe1 Qc7 11.Bd2 Ba6 12.b3 fxe5 13.fxe5 Rf5 14.g4 Rxf3 15.Rxf3 Nxe5
16.Rh3 Nxg4 17.Ne4 Qe5 18.Bc3 Qf5 19.Qe2 Rf8 20.Rg3 Ne5 21.Rf1 Qxf1+ 22.Qxf1 Rxf1+
23.Kxf1 Ng6 24.Bb2 d5 25.Nd2 Bd6 26.Rg2 e5 27.c4 Bc8 28.Rg5 Kf7 29.Nf3 Kf6
30.Ke1 h6 31.Rg1 Bf5 32.Kd2 d4 33.Ne1 Nf4 34.Rg3 g5 35.Ng2 h5 36.Bc1 h4 37.Nxf4 exf4
38.Rg1 f3 39.Ke1 g4 40.Kf2 Bxh2 41.Rd1 Bg3+ 42.Kg1 h3  0-1

[Event "National Open"]
[Site "Las Vegas USA"]
[Date "2008.06.07"]
[Round "4"]
[White "Petrosian,TL"]
[Black "Rensch,D"]
[Result "1-0"]
[WhiteElo "2616"]
[BlackElo "2334"]

1.e4 c5 2.Nc3 Nc6 3.Bb5 Nd4 4.Ba4 a6 5.d3 e6 6.Nge2 Ne7 7.Nxd4 cxd4 8.Ne2 Nc6
9.O-O Be7 10.c3 dxc3 11.bxc3 d5 12.exd5 exd5 13.Nf4 O-O 14.d4 Bg5 15.Bc2 Bxf4
16.Bxf4 Ne7 17.Qh5 Ng6 18.Bd2 Be6 19.Rae1 Qd7 20.h3 Rae8 21.Re3 Qd6 22.Bb3 Re7
23.Rfe1 Rfe8 24.Qf3 Rc8 25.R3e2 Rce8 26.Bg5 Rd7 27.h4 h6 28.h5 Ne7 29.Bf4 Qc6
30.Bc2 Rc8 31.Bd2 Rdc7 32.g4 Qd7 33.Qd3 Kf8 34.Qh7 Ng8 35.Qh8 Bxg4 36.Bh7 Bxe2
37.Qxg8+ Ke7 38.Qxg7 Qe6 39.Bd3 Bxd3 40.Rxe6+ Kxe6 41.Qxh6+ Kd7 42.Qg7 Kc6
43.h6 f6 44.Qxf6+ Kb5 45.Qd6 Be4 46.Qb4+ Kc6 47.Bf4 Rh7 48.f3  1-0

[Event "58th ch-RUS w HL"]
[Site "Chelyabinsk RUS"]
[Date "2008.06.09"]
[Round "6"]
[White "Girya,O"]
[Black "Kovalevskaya,E"]
[Result "0-1"]
[WhiteElo "2361"]
[BlackElo "2421"]

1.e4 c5 2.Nc3 Nc6 3.Bb5 Nd4 4.Bc4 e6 5.Nge2 a6 6.a4 g6 7.Nxd4 cxd4 8.Ne2 Bg7
9.O-O Ne7 10.d3 O-O 11.Bg5 h6 12.Bh4 g5 13.Bg3 d5 14.Bb3 e5 15.c3 dxc3 16.Nxc3 Be6
17.exd5 Nxd5 18.Re1 Nxc3 19.bxc3 Re8 20.Bxe6 Rxe6 21.Qf3 Qc8 22.Rab1 Qxc3
23.Rec1 Qa3 24.Qxb7 Rd8 25.Rc7 Qxd3 26.h3 Red6 27.Rb3 Qg6 28.Qa7 Rd1+ 29.Kh2 Ra1
30.Rb8 Rxb8 31.Qxb8+ Kh7 32.Qb7 Kg8 33.Rc6 Qb1 34.Qxb1 Rxb1 35.Rxa6 f5 36.f3 Rf1
37.Ra8+ Kh7 38.h4 f4 39.hxg5 hxg5 40.a5 Kg6 41.a6 fxg3+ 42.Kxg3 Ra1 43.a7 Ra4
44.Kf2 e4 45.Ke2 Kf7 46.fxe4 Rxe4+ 47.Kf3 Ra4 48.g3 Bf6 49.g4 Be7  0-1

[Event "ch-Panamerican U20"]
[Site "Cali COL"]
[Date "2008.06.11"]
[Round "2"]
[White "Paez,D"]
[Black "Fernandez,Fe"]
[Result "0-1"]
[WhiteElo "2072"]
[BlackElo "2231"]

1.e4 c5 2.Ne2 Nc6 3.Nbc3 g6 4.g3 Bg7 5.Bg2 d6 6.d3 e6 7.O-O Nge7 8.Be3 Nd4
9.Qd2 O-O 10.Nd1 Rb8 11.c3 Nxe2+ 12.Qxe2 b5 13.Qd2 b4 14.Bh6 bxc3 15.bxc3 Ba6
16.Bxg7 Kxg7 17.Re1 d5 18.e5 d4 19.c4 Bb7 20.Qg5 Nc6 21.Qxd8 Rfxd8 22.Re2 Nb4
23.Rd2 Bxg2 24.Kxg2 Rb6 25.f4 Rdb8 26.Nf2 Na6 27.Ne4 h6 28.Rad1 Kf8 29.Kf3 Ke7
30.h4 h5 31.g4 hxg4+ 32.Kxg4 Rc6 33.h5 gxh5+ 34.Kxh5 Rcc8 35.Kg4 Rh8 36.Kf3 Rh3+
37.Ng3 Rg8 38.Rg1 Kd7 39.a3 Rb8 40.Kg4 Rhh8 41.Kf3 Rb3 42.Ra1 Kc6 43.f5 Nb8
44.a4 Nd7 45.Kf4 Rh4+ 46.Kg5 Nxe5 47.Kf6 Nxd3 48.Kxf7 exf5 49.Nxf5 Rf4 50.Ke6 Re4+
51.Kf6 Ne5 52.Ne7+ Kd7 53.Nf5 Rb6+ 54.Kg7 Rf4  0-1

[Event "58th ch-RUS w HL"]
[Site "Chelyabinsk RUS"]
[Date "2008.06.11"]
[Round "8"]
[White "Bodnaruk,A"]
[Black "Molchanova,T"]
[Result "1-0"]
[WhiteElo "2347"]
[BlackElo "2359"]

1.e4 c5 2.Nc3 Nc6 3.Nge2 g6 4.d4 cxd4 5.Nxd4 Bg7 6.Be3 Nf6 7.Nxc6 bxc6 8.e5 Ng8
9.Bd4 Qa5 10.f4 f6 11.Qe2 fxe5 12.Bxe5 Nf6 13.O-O-O O-O 14.Qc4+ Kh8 15.Be2 d6
16.Qxc6 Rb8 17.Bd4 Qb4 18.b3 Bf5 19.Qa4 Rfc8 20.Bd3 Bg4 21.Rde1 a5 22.Qxb4 axb4
23.Na4 Nd5 24.Bxg7+ Kxg7 25.Bc4 Nxf4 26.Rxe7+ Kh8 27.g3 d5 28.Ba6 Rc6 29.Bb7 Ne2+
30.Kd2 Rf6 31.Nc5 Rf2 32.Nd3 Rxb7 33.Re8+ Kg7 34.Nxf2 Bf3 35.Rxe2  1-0

[Event "TCh-BIH"]
[Site "Neum BIH"]
[Date "2008.06.11"]
[Round "8"]
[White "Arapovic,V"]
[Black "Cabrilo,G"]
[Result "1/2-1/2"]
[WhiteElo "2374"]
[BlackElo "2499"]

1.e4 c5 2.Nc3 Nc6 3.Bb5 Nd4 4.a4 e6 5.Nge2 Ne7 6.O-O Nec6 7.d3 Be7 8.Nxd4 Nxd4
9.Bc4 O-O 10.Ne2 d5 11.Ba2 dxe4 12.dxe4 Nc6 13.c3 Qxd1 14.Rxd1 b6 15.Bb1 Ba6
16.Nf4 Rfd8 17.Re1 Na5 18.Bc2 Rd7 19.Rd1 Rxd1+ 20.Bxd1 Rd8 21.Be3 Bb7 22.Bf3 Nc4
23.b3 Nxe3 24.fxe3 g5 25.Nh5 Rd3 26.a5 e5 27.a6 Bc8  1/2-1/2

[Event "ch-Panamerican U20"]
[Site "Cali COL"]
[Date "2008.06.12"]
[Round "4"]
[White "Paez,D"]
[Black "Sanchez Maya,S"]
[Result "0-1"]
[WhiteElo "2072"]
[BlackElo "2182"]

1.e4 c5 2.Ne2 Nc6 3.Nbc3 g6 4.g3 d6 5.Bg2 Bg7 6.d3 e6 7.O-O Nge7 8.Be3 O-O
9.Qd2 Rb8 10.Bh6 b5 11.Bxg7 Kxg7 12.Nd1 d5 13.Qc3+ d4 14.Qxc5 Qd7 15.Qg5 f6
16.Qd2 a5 17.f4 Ba6 18.g4 Rfc8 19.Nf2 Rc7 20.g5 f5 21.c3 dxc3 22.bxc3 b4
23.Rfd1 Kg8 24.c4 Nd4 25.Nxd4 Qxd4 26.Qe2 Rb6 27.Re1 Bb7 28.Qe3 Rd7 29.Qxd4 Rxd4
30.exf5 Bxg2 31.Kxg2 Nxf5 32.Re4 Rd8 33.Rb1 Nd4 34.Re5 Ra8 35.Ne4 a4 36.Nf6+ Kf7
37.Kf2 b3 38.axb3 Rxb3 39.Ra1 a3 40.Rc5 Rb2+ 41.Kg3 Ra7 42.Rc8 a2 43.Rh8 Nf5+
44.Kf3 Rb1  0-1

[Event "ch-Panamerican U20"]
[Site "Cali COL"]
[Date "2008.06.15"]
[Round "9"]
[White "Arenas,D"]
[Black "Chavarro,J"]
[Result "1-0"]
[WhiteElo "2196"]
[BlackElo "2062"]

1.e4 c5 2.Nc3 Nc6 3.Nf3 d6 4.d4 cxd4 5.Nxd4 Nf6 6.f3 e6 7.Be3 a6 8.Qd2 Be7
9.O-O-O O-O 10.g4 Nxd4 11.Bxd4 b5 12.g5 Nd7 13.h4 b4 14.Na4 Bb7 15.Qxb4 Qc7
16.Qc4 Qb8 17.g6 d5 18.exd5 Bxd5 19.gxh7+ Kh8 20.Qc3 f6 21.Kb1 Rc8 22.Qd3 Qf4
23.Rg1 e5 24.Nc3 Rxc3 25.Bxc3 Nb6 26.Be2 f5 27.Qd2 Qa4 28.b3 Qc6 29.Bxe5 Bf6
30.Bxf6 Qxf6 31.Qd4  1-0

[Event "8th TCh-Euro U18 Girls"]
[Site "Szeged HUN"]
[Date "2008.06.15"]
[Round "2"]
[White "Stark,S"]
[Black "Deur,Z"]
[Result "1/2-1/2"]
[WhiteElo "1926"]
[BlackElo "2009"]

1.e4 c5 2.Nc3 Nc6 3.Bb5 d6 4.Bxc6+ bxc6 5.d3 Nf6 6.Nge2 g6 7.O-O Bg7 8.h3 O-O
9.Be3 Bb7 10.Qd2 d5 11.Bh6 c4 12.Bxg7 Kxg7 13.e5 Nd7 14.d4 c5 15.f4 Qc7 16.Nd1 cxd4
17.Nxd4 Nc5 18.Qe3 e6 19.Rf3 Rae8 20.f5 exf5 21.Nxf5+ Kg8 22.Nh6+ Kh8 23.Qf4 f5
24.exf6 Qxf4 25.Rxf4 Re1+ 26.Rf1 Rxf1+ 27.Kxf1 Rxf6+ 28.Nf2 Bc8 29.Ke2 Kg7
30.Nhg4 Re6+ 31.Kd2 d4 32.Re1 Bb7 33.Rxe6 Nxe6 34.g3 Bd5 35.b3 cxb3 36.axb3 h5
37.Ne5 Kf6 38.Nfd3 Ng5 39.Nd7+ Ke7 40.N7e5 Ne4+ 41.Ke1 Nxg3 42.Nxg6+ Kf6
43.Ngf4 Bf7 44.Kf2 Ne4+ 45.Kf3 Nd2+ 46.Ke2 Ne4 47.Kf3 Nd2+ 48.Ke2 Ne4  1/2-1/2

[Event "Serbia Cup"]
[Site "Zlatibor SRB"]
[Date "2008.06.17"]
[Round "2"]
[White "Adzic,M"]
[Black "Matijevic,N"]
[Result "1/2-1/2"]
[WhiteElo "2244"]
[BlackElo "2208"]

1.e4 c5 2.Nf3 Nc6 3.Nc3 g6 4.d4 cxd4 5.Nxd4 Bg7 6.Be3 Nf6 7.Be2 O-O 8.O-O d6
9.Kh1 Bd7 10.f4 a6 11.Bf3 Rc8 12.Nxc6 Bxc6  1/2-1/2

[Event "Serbia Cup"]
[Site "Zlatibor SRB"]
[Date "2008.06.17"]
[Round "2"]
[White "Savicevic,V"]
[Black "Radovanovic,D"]
[Result "1/2-1/2"]
[WhiteElo "2334"]
[BlackElo "2363"]

1.e4 c5 2.Nc3 Nc6 3.Nge2 e5 4.Nd5 Nge7 5.Nec3 d6 6.Bc4 a6 7.a4 Nxd5 8.Nxd5 Be6
9.d3 Be7 10.O-O O-O  1/2-1/2

[Event "8th TCh-Euro U18"]
[Site "Szeged HUN"]
[Date "2008.06.19"]
[Round "5"]
[White "Tomazini,A"]
[Black "Pacher,M"]
[Result "1/2-1/2"]
[WhiteElo "2177"]
[BlackElo "2324"]

1.e4 c5 2.Nc3 Nc6 3.Bb5 Nd4 4.Bc4 e6 5.Nf3 Nf6 6.d3 d5 7.Bb3 Nxb3 8.axb3 dxe4
9.dxe4 Qxd1+ 10.Kxd1 Be7 11.Ke2 b6 12.Nb5 O-O 13.Nc7 Rb8 14.e5 Nd7 15.Rxa7 Rb7
16.Rxb7 Bxb7 17.Bf4 Bc8 18.Nb5 Ba6 19.c4 Bxb5 20.cxb5 Ra8 21.Rd1 Nf8 22.Bd2 Ng6
23.g3 Kf8 24.Bc3 Ke8 25.Nd2 Bd8 26.Nc4 Bc7 27.Nd6+ Bxd6 28.Rxd6 Rb8 29.b4 Ne7
30.bxc5 bxc5 31.b6 Nc8 32.Rc6 Nxb6 33.Rxc5 Na4 34.Ra5 Nxb2 35.Bxb2 Rxb2+
36.Ke3 g6 37.Ra8+ Ke7 38.Ra7+ Kf8 39.Ra8+ Kg7 40.Rd8 g5 41.Rd4 Kg6 42.g4 Rb5
43.Ke4 Rb1 44.Kf3 Rh1 45.Rd8 Rxh2 46.Rg8+ Kh6 47.Rc8 Rh3+ 48.Kg2 Ra3 49.Rc4 Kg6
50.f3 Ra5 51.Re4 h5 52.Kg3 h4+ 53.Kg2 Ra2+ 54.Kh3 Rf2 55.Re3 f5 56.exf6 Kxf6
57.Ra3 Ke5 58.Ra5+ Kf4 59.Ra4+ Kxf3 60.Ra3+ Kf4 61.Ra4+ Ke5 62.Re4+ Kd5 63.Re5+ Kd4
64.Re4+ Kc3 65.Re3+ Kd2 66.Re2+ Rxe2  1/2-1/2

[Event "Marshall NY Int"]
[Site "New York USA"]
[Date "2008.06.23"]
[Round "6"]
[White "Critelli,J"]
[Black "Lapshun,Y"]
[Result "1/2-1/2"]
[WhiteElo "2343"]
[BlackElo "2455"]

1.e4 c5 2.Nc3 Nc6 3.Bb5 g6 4.Bxc6 bxc6 5.d3 Bg7 6.Nge2 d6 7.O-O e5 8.f4 exf4
9.Bxf4 Ne7 10.Qd2 O-O 11.Bh6 Rb8 12.Bxg7 Kxg7 13.b3 d5 14.Na4 dxe4 15.Qc3+ Kg8
16.dxe4 Ba6 17.Rfd1 Nd5 18.exd5 Bxe2 19.Rd2 Bb5 20.dxc6 Qc8 21.Nxc5 Bxc6
22.Rad1 Re8 23.Nd3 Qe6 24.Rf2 Rbc8 25.Qf6 Qxf6 26.Rxf6 Be4 27.c4 Rcd8 28.Nf2 Rxd1+
29.Nxd1 Bd3 30.Ra6 Re1+ 31.Kf2 Rxd1 32.Rxa7 Bb1 33.b4 Rd2+ 34.Ke3 Rxa2 35.Rd7 Rxg2
36.c5 Rb2 37.Rb7 Rc2 38.Rc7 Rc4 39.b5 Be4 40.b6 Kg7 41.h3 h5 42.h4 Bg2 43.Kf2 Bd5
44.Kg3 Kf6 45.b7 Rg4+  1/2-1/2